000 00926nab a2200277 u 4500
001 10785
003 HDC
007 cr bn ---aaaaa
008 210201b20120713my ||||| |||| 00| 0 may d
040 _aHDC
100 _aHaika Khazi,
_911042
245 0 _aLahir PKS berdaya saing peringkat global /
_coleh Haika Khazi
260 _aMalaysia:
_bNew Straits Times Press (M) Bhd.,
_c2012
300 _a1 online resource
336 _atext
_2rdacontent
337 _acomputer
_2rdamedia
338 _aonline resource
_2rdacarrier
650 _aEntrepreneurship
_9209
650 _aFood industry and trade.
_9140
650 _aSmall business
_9208
710 _aBerita Harian
_eissung body
856 _zRequest full-text at [email protected]
942 _2lcc
942 _cNEWS
942 _kNWSC 003078
999 _c8108
_d8108